| 000 | 00774nam a22002537a 4500 | ||
|---|---|---|---|
| 001 | 125512 | ||
| 003 | UA-OsUOA | ||
| 005 | 20220501170906.0 | ||
| 007 | ta | ||
| 008 | 20170918b un ||||| |||| 00| 0 ukr d | ||
| 020 | _a5-265-00670-2 | ||
| 040 |
_aUA-OsUOA _brus _cUA-OsUOA _dUA-OsUOA |
||
| 041 | _arus | ||
| 080 | _a82.09(470+571) | ||
| 090 |
_a82.09(470+571) _bЭ94 |
||
| 100 | _aЭфрон А. | ||
| 245 | _aО Марине Цветаевой: воспоминания дочери | ||
| 260 |
_aМ. _bСов. писатель _c1989 |
||
| 300 | _a480 с. | ||
| 650 | 7 |
_a82.09 Літературна критика. Літературні дослідження _2UDC |
|
| 942 |
_cBK _2udc |
||
| 955 | _a3 | ||
| 999 |
_c412750 _d412750 |
||